|
|
|
|
| LEADER |
02726nem a2200517 a 4500 |
| 001 |
mzk03001178885 |
| 003 |
CZ BrMZK |
| 005 |
20130816090013.0 |
| 007 |
aj|canzn |
| 008 |
090408s1748 gw ij|||||a|||r|0|||lat|d |
| 034 |
1 |
|
|a a
|b 930000
|d E0093644
|e E0150957
|f N0450000
|g N0411305
|
| 040 |
|
|
|a BOA001
|b cze
|d BOE950
|
| 041 |
0 |
|
|a lat
|a fre
|
| 043 |
|
|
|a e-it---
|
| 072 |
|
7 |
|a 912:904
|x Staré mapy
|2 Konspekt
|9 7
|
| 080 |
|
|
|a 025.171
|2 MRF
|
| 080 |
|
|
|a (450)
|2 MRF
|
| 080 |
|
|
|a (084.3)
|2 MRF
|
| 100 |
1 |
|
|a Mayer, Tobias,
|d 1723-1762
|7 mzk2005273083
|4 aut
|
| 245 |
1 |
0 |
|a Statvs Ecclesiastici nec non Magni Dvcatvs Toscanae nova Tabvla Geographica
|h [kartografický dokument] /
|c secundum principia legitima Delineationis descripta a Tob. Majero, Societ. Geogr. Sodali curantibus Homannis Heredibus
|
| 246 |
3 |
|
|a Etats de l'Eglise & du Grand Dvché de Toscane, dresés par Mr. Tob. Mayer, de la Soc. Geogr. chez les Herit. de Homann
|h [kartografický dokument]
|
| 246 |
3 |
|
|a Status Ecclesiastici nec non Magni Ducatus Toscanae nova Tabula Geographic
|h [kartografický dokument]
|
| 255 |
|
|
|a Měřítko [ca 1:930 000]. 7,8 cm = 40 Milliaria Italica communia 950 Hexap., 7,9 cm = 50 Milliaria Romana vetera, 755 1/2 Hexapod., 7 cm = 40 Milliaria Toscanica, 849 Hexapod., 7,9 cm = 50 Milliaria Romana, recentiora 764 Hexapod., 7,9 cm = 10 Milliaria Germanica communia, 15 in uno Gradu, 8,3 cm = 40 Millia Hexapodarum Parisiensium
|c (009°36´44" v.d.--015°09´57" v.d./045°00´00" s.š.--041°13´05" s.š.)
|
| 260 |
|
|
|a Norimbergae :
|b Homannis Heredibus,
|c 1748
|
| 300 |
|
|
|a 1 mapa :
|b mědirytina, ručně kolorovaná ;
|c 46 x 51 cm, na listu 50 x 64,5 cm, složeno na 14 x 25 cm
|
| 500 |
|
|
|a Výzdoba: V pravém horním rohu názvová kartuš s heraldickou výzdobou, v levém dolním rohu grafická měřítka, v mapovém rámci geografické souřadnice (Ferro)
|
| 500 |
|
|
|a Mapa je podlepena plátnem
|
| 500 |
|
|
|a Nullmeridian: Ferro
|
| 546 |
|
|
|a Souběžný latinský a francouzský název
|
| 561 |
|
|
|a Provenience: [stará signatura] 5.1.
|
| 561 |
|
|
|a Provenience: [stará signatura] T 7
|
| 561 |
|
|
|a Provenience. [m.p.] Kirchenstaat K 5
|
| 510 |
3 |
|
|a IKAR
|
| 650 |
0 |
7 |
|a historické knihovní fondy
|7 ph172933
|2 czenas
|
| 655 |
|
7 |
|a staré mapy
|7 fd674099
|2 czenas
|
| 651 |
|
7 |
|a Itálie
|7 ge129398
|2 czenas
|
| 710 |
2 |
|
|a Homann Erben (firma)
|7 xx0031459
|4 pbl
|
| 903 |
|
|
|a RP
|
| 910 |
|
|
|e BOE950
|c R - CCCLXXXVII (I.I.a)
|
| 978 |
|
|
|b Homann, Johann Baptista - dědici
|a Nürnberg
|c 1748
|
| 984 |
|
|
|a Norimberk
|b Německo
|
| 985 |
|
|
|a 1701-1750
|
| 990 |
|
|
|a MP
|
| 996 |
|
|
|e BOE950
|c R - CCCLXXXVII (I.I.a)
|
| 991 |
|
|
|k rajhrad
|
| 980 |
|
|
|c 290726
|g R - CCCLXXXVII (I.I.a)
|d 20090408
|t 5
|1 328100290726
|z KR
|